| 000 | 00389 a2200169 4500 | ||
|---|---|---|---|
| 001 | 58722 | ||
| 020 | _a8532252540 | ||
| 040 | _cAnchieta - Pituba | ||
| 100 | _aBoulas Junior, Alfredo | ||
| 240 | 1 | 0 |
_aHistória sociedade e cidadania _lpor |
| 245 | 1 | 0 | _aHistória sociedade e cidadania |
| 300 | _a256 | ||
| 362 | 0 | _a2004 | |
| 440 | 1 | _aFTD | |
| 650 | 4 | _aHistória do mundo | |
| 942 | _cBK | ||
| 999 |
_c58722 _d58722 |
||